Software testing and quality assurance : theory and practice (Record no. 189002)
[ view plain ]
| 000 -LEADER | |
|---|---|
| fixed length control field | 00479nam a2200157Ia 4500 |
| 005 - DATE AND TIME OF LATEST TRANSACTION | |
| control field | 20250513135945.0 |
| 008 - FIXED-LENGTH DATA ELEMENTS--GENERAL INFORMATION | |
| fixed length control field | 231217s9999 xx 000 0 und d |
| 020 ## - INTERNATIONAL STANDARD BOOK NUMBER | |
| International Standard Book Number | 9780471789116 |
| 082 ## - DEWEY DECIMAL CLASSIFICATION NUMBER | |
| Classification number | 005.14 NAI;2 R1 |
| 100 ## - MAIN ENTRY--PERSONAL NAME | |
| Personal name | Naik, Kshirasagar. Tripathy, Priyadarshi. |
| 245 #0 - TITLE STATEMENT | |
| Title | Software testing and quality assurance : theory and practice |
| 260 ## - PUBLICATION, DISTRIBUTION, ETC. (IMPRINT) | |
| Date of publication, distribution, etc. | 2008 |
| Name of publisher, distributor, etc. | John Wiley |
| Place of publication, distribution, etc. | New Jersey |
| 300 ## - PHYSICAL DESCRIPTION | |
| Extent | xxix, 616 |
| 650 ## - SUBJECT ADDED ENTRY--TOPICAL TERM | |
| Topical term or geographic name as entry element | Software,testing,quality,assurance |
| 942 ## - ADDED ENTRY ELEMENTS (KOHA) | |
| Koha item type | Books |
| Date last seen | Total Checkouts | Full call number | Accession number | Old discount | Uniform Resource Identifier | Cost, replacement price | Price effective from | Category | Lost status | Damaged status | Department | Withdrawn status | bill no. | bill date | Permanent Location | Current Location | Shelving location | Entry date | Vendor | Cost, normal purchase price | Grants | Currency symbol | Conversion rate | Discount | Discount type |
|---|---|---|---|---|---|---|---|---|---|---|---|---|---|---|---|---|---|---|---|---|---|---|---|---|---|
| 26/01/2024 | 005.14 NAI;2 R1 | 73921 | 25 | digital/contents/73921.pdf | 336.75 | 26/01/2024 | Books | Central Library | 1322 | 25/02/2014 | Central Library | Central Library | Central Library | 29/09/2010 | Southern Book Sellers Southern Bookseller | 449.00 | CS | RS | 1 | 112.25 | Rupees |
